<?xml version='1.0' encoding='UTF-8'?>
  <record xmlns="http://www.loc.gov/MARC21/slim">
    <leader>00000nam a22000007i 4500</leader>
    <controlfield tag="001">ocn967527628</controlfield>
    <controlfield tag="003">OCoLC</controlfield>
    <controlfield tag="005">20250312172951.6</controlfield>
    <controlfield tag="008">170103s1884    ne            000 0 dut d</controlfield>
    <datafield tag="040" ind1=" " ind2=" ">
      <subfield code="a">QGJ</subfield>
      <subfield code="b">dut</subfield>
      <subfield code="c">QGJ</subfield>
    </datafield>
    <datafield tag="035" ind1=" " ind2=" ">
      <subfield code="a">(OCoLC)967527628</subfield>
    </datafield>
    <datafield tag="245" ind1="0" ind2="0">
      <subfield code="a">Evangelische gezangen, om nevens het boek der Psalmen bij den openbaren godsdienst in de Nederlandsche Hervormde Gemeenten gebruikt te worden /</subfield>
      <subfield code="c">op uitdrukkelijken last van alle de synoden der voornoemde gemeenten bijeen verzameld en in orde gebragt in de jaren 1803, 1804 en 1805.</subfield>
    </datafield>
    <datafield tag="260" ind1=" " ind2=" ">
      <subfield code="a">Amsterdam :</subfield>
      <subfield code="b">Brandt,</subfield>
      <subfield code="c">1884.</subfield>
    </datafield>
    <datafield tag="300" ind1=" " ind2=" ">
      <subfield code="a">[VIII], 194, [X] p. :</subfield>
      <subfield code="b">ill. ;</subfield>
      <subfield code="c">12 cm</subfield>
    </datafield>
    <datafield tag="336" ind1=" " ind2=" ">
      <subfield code="a">text</subfield>
      <subfield code="b">txt</subfield>
      <subfield code="2">rdacontent</subfield>
    </datafield>
    <datafield tag="337" ind1=" " ind2=" ">
      <subfield code="a">unmediated</subfield>
      <subfield code="b">n</subfield>
      <subfield code="2">rdamedia</subfield>
    </datafield>
    <datafield tag="338" ind1=" " ind2=" ">
      <subfield code="a">volume</subfield>
      <subfield code="b">nc</subfield>
      <subfield code="2">rdacarrier</subfield>
    </datafield>
    <datafield tag="530" ind1=" " ind2=" ">
      <subfield code="a">Also available in online version.</subfield>
    </datafield>
    <datafield tag="776" ind1="0" ind2="8">
      <subfield code="i">Online version:</subfield>
      <subfield code="t">Evangelische gezangen, om nevens het boek der Psalmen bij den openbaren godsdienst in de Nederlandsche Hervormde Gemeenten gebruikt te worden.</subfield>
      <subfield code="d">Amsterdam : Brandt, 1884.</subfield>
    </datafield>
    <datafield tag="856" ind1="4" ind2="2">
      <subfield code="u">http://objects.library.uu.nl/reader/resolver.php?obj=001326054&amp;type=2</subfield>
      <subfield code="x">Online</subfield>
      <subfield code="z">Full text</subfield>
    </datafield>
    <datafield tag="936" ind1=" " ind2=" ">
      <subfield code="a">BATCHLOAD</subfield>
    </datafield>
  </record>